| 000 | 01715nam a2200373 c 4500 | ||
|---|---|---|---|
| 003 | BLK | ||
| 005 | 20250718124423.0 | ||
| 008 | 180408b bul|||||r ||||||| ||bul|| | ||
| 010 | _aKNG00077335000 | ||
| 020 |
_a978-954-607-749-3 _bиздат.: ЛИК |
||
| 040 | _aBLK | ||
| 041 |
_aBUL _cBUL |
||
| 080 |
_aПсихология на детската възраст. Интелектуално развитие на децата. Психически особености. Детски представи, описани в разкази _b159.922.7 _x _z159.922.7 |
||
| 080 |
_aПедагогическа психология _b37.015.3 _x _z37.015.3 |
||
| 100 | 1 |
_aОстерийт, Пол _eпърви автор _9105025 |
|
| 700 | 1 |
_aАнгелов, Петьо _eпрев. от англ. _9296141 |
|
| 139 |
_aОстерийт, Пол _bО 85 |
||
| 245 | 1 | 0 |
_aВъведение в детската психология _cПол Остерийт; прев. от англ. Петьо Ангелов. |
| 257 | _aBEL | ||
| 260 |
_аСофия _bЛИК _c2007 |
||
| 300 |
_a232 с. _c20 см |
||
| 380 | _a1 | ||
| 500 | _aПрев. по Introduction a la psychlogie de l'enfant / Paul A. Osterrieth. - 17e ed. - Библиогр. с. 225-230. | ||
| 504 | _a225-230 | ||
| 650 | 4 |
_aДетска и педагогическа психология _9244538 |
|
| 653 | _aдетска психология | ||
| 653 | _aпедагогическа психология | ||
| 852 | _aЦб 235435 | ||
| 856 | 4 |
_qpdf _u |
|
| 856 | 4 |
_qpdf _u |
|
| 942 |
_cKNG _n0 _020 |
||
| 944 |
_aCR _c13.08.2007 _k30576 _lЦветомила Тодорова |
||
| 944 |
_aED _c22.12.2016 _kВиолета_Тройчева |
||
| 999 |
_c72956 _d72956 |
||